00628cam a2200193ua 4500020002900000041001000029082002000039100002400059245009400083250001200177260004200189300001200231365001100243504000500254700002700259942000700286999001900293952012200312 a81 7808 553 4c250.00 aengh a005.133bPRA/PR aPratt, Terrence W . aProgramming languages: Design and implementation / cTerrence W Pratt.hTextual Documents a4 / b. aDelhi : bPearson Education , c2001. a649 ; . a250.00 a1 aZelkowitz, Marvin V . cBK c337156d337156 00104070aKAUAETbKAUAETd2012-04-07l2o005.133pKAU_KCAEFT-20560r2025-09-03 00:00:00s2014-02-17w2012-04-07yBK